[Event "X Festival Citta' di Varese"]
[Site "Varese ITA"]
[Date "2010.10.09"]
[Round "1"]
[White "Ambrosini, Andrea"]
[Black "Cervini, Gian Piero"]
[Result "0-1"]
[WhiteElo "1497"]
[BlackElo "1752"]
[PlyCount "64"]
[EventDate "2010.10.09"]

1. d4 Nf6 2. c4 g6 3. Nc3 Bg7 4. Nf3 d6 5. e4 O-O 6. Be2 e5 7. d5 Ne8 8. O-O f5
9. Bg5 Nf6 10. Nd2 h6 11. Bxf6 Qxf6 12. exf5 gxf5 13. f4 Nd7 14. Qe1 exf4 15.
Rxf4 Qg5 16. Qh4 Bf6 17. Nf3 Qg7 18. Qe1 Ne5 19. Nxe5 dxe5 20. Rf3 f4 21. Ne4
Bf5 22. Nxf6+ Rxf6 23. Bd3 e4 24. Bxe4 Re8 25. Rxf4 Qg6 26. Qh4 Rxe4 27. Re1
Bh3 28. Qg3 Rxe1+ 29. Kf2 Qxg3+ 30. hxg3 Rxf4+ 31. gxf4 Re4 32. gxh3 Rxf4+ 0-1

[Event "X Festival Citta' di Varese"]
[Site "Varese ITA"]
[Date "2010.10.09"]
[Round "1"]
[White "Carbone, Lorenzo"]
[Black "Cardani, Roberto"]
[Result "0-1"]
[WhiteElo "1695"]
[BlackElo "1961"]
[PlyCount "86"]
[EventDate "2010.10.09"]

1. e4 c5 2. Nf3 d6 3. d4 cxd4 4. Nxd4 Nf6 5. Nc3 a6 6. Be2 e5 7. Nb3 Be7 8. Be3
Be6 9. O-O O-O 10. h3 Nbd7 11. Qd2 Qc7 12. Rad1 Rac8 13. a4 Nb6 14. Na5 Rfd8
15. f4 Nc4 16. Nxc4 Bxc4 17. Bd3 b5 18. Qf2 Rb8 19. a5 Rdc8 20. Bb6 Qc6 21. g4
b4 22. Nd5 Nxd5 23. exd5 Qe8 24. Bf5 Bxf1 25. Bxc8 Bb5 26. Bf5 g6 27. Be4 Bf6
28. g5 Bd8 29. Bxd8 Qxd8 30. Qg3 exf4 31. Qxf4 Qe7 32. Rd4 Bd7 33. h4 Rb5 34.
Kf2 b3 35. cxb3 Rxb3 36. Qd2 Qe5 37. Ke1 Qg3+ 38. Kd1 Qg1+ 39. Kc2 Rh3 40. Qb4
Rh2+ 41. Kb3 Qg3+ 42. Ka2 Bb5 43. Qc3 Qxc3 0-1

[Event "X Festival Citta' di Varese"]
[Site "Varese ITA"]
[Date "2010.10.09"]
[Round "1"]
[White "Della Rocca, Luigi"]
[Black "Mondini, Francesco"]
[Result "0-1"]
[WhiteElo "1767"]
[BlackElo "1517"]
[PlyCount "72"]
[EventDate "2010.10.09"]

1. e4 e5 2. Nc3 Nc6 3. Bc4 Bc5 4. d3 Nf6 5. a3 a6 6. Bg5 h6 7. Bh4 Be7 8. Qd2
d6 9. f3 Nd4 10. Bf2 Ne6 11. Nge2 c6 12. d4 Nh5 13. dxe5 dxe5 14. Qxd8+ Bxd8
15. Bxe6 Bxe6 16. Bc5 Bc7 17. O-O-O b6 18. Bd6 O-O-O 19. Be7 Rd7 20. Rxd7 Kxd7
21. Bh4 g5 22. Bf2 Rg8 23. Na4 c5 24. g4 Nf6 25. h4 Nh7 26. h5 Kc6 27. Rd1 Nf6
28. b3 Nxg4 29. fxg4 Bxg4 30. Rd2 Bxh5 31. Ng3 Bg6 32. Nc3 h5 33. Nd5 Bd8 34.
Nf5 Bxf5 35. exf5 g4 36. Bg3 Bg5 0-1

[Event "X Festival Citta' di Varese"]
[Site "Varese ITA"]
[Date "2010.10.09"]
[Round "1"]
[White "Falchi, Claudio"]
[Black "Guzzetti, Luigi Enrico"]
[Result "1-0"]
[WhiteElo "1666"]
[BlackElo "1878"]
[PlyCount "147"]
[EventDate "2010.10.09"]

1. e4 c5 2. Nc3 e6 3. g3 Nc6 4. Bg2 Nf6 5. d3 Be7 6. f4 d6 7. Nf3 a6 8. O-O O-O
9. h3 Qc7 10. g4 g6 11. Nh2 b5 12. Ne2 Bb7 13. f5 exf5 14. Bh6 Rfe8 15. gxf5
Ne5 16. Nf3 Bf8 17. Bxf8 Rxf8 18. Qe1 d5 19. exd5 Nxf3+ 20. Rxf3 Bxd5 21. Rf2
Bxg2 22. Rxg2 Nh5 23. Qh4 Qe5 24. Qxh5 Kh8 25. Qf3 gxf5 26. c3 Rg8 27. Nf4 b4
28. Rc1 bxc3 29. bxc3 Rab8 30. Rxg8+ Rxg8+ 31. Kf2 Qb8 32. Rg1 Re8 33. Ne2 Qb2
34. Rg5 Qxa2 35. Rxf5 Qe6 36. Rxf7 Kg8 37. Rf6 Qe7 38. Qg4+ Kh8 39. Qf3 Kg8 40.
Rf4 a5 41. Qd5+ Kh8 42. Re4 Rf8+ 43. Ke1 Qc7 44. Qe5+ Qxe5 45. Rxe5 Rf3 46. Kd2
Rxh3 47. Rxc5 a4 48. Ra5 Rh4 49. c4 Kg7 50. Rxa4 Kf6 51. Ra5 Ke6 52. Kc3 Kd6
53. Nd4 Kc7 54. Re5 Kd7 55. Nf3 Rh1 56. Re2 Rh3 57. Ng5 Rh5 58. Ne4 Rh3 59. Rg2
Kc6 60. Rg3 Rh6 61. d4 Rh4 62. d5+ Kd7 63. Kd4 h5 64. Rg5 Ke7 65. c5 Rh1 66.
Re5+ Kd8 67. Nc3 h4 68. Rh5 h3 69. c6 Kc7 70. Kc5 h2 71. d6+ Kb8 72. Rh8+ Ka7
73. d7 Rc1 74. Kc4 1-0

[Event "X Festival Citta' di Varese"]
[Site "Varese ITA"]
[Date "2010.10.09"]
[Round "1"]
[White "Fantina, Carla"]
[Black "D'Aulisa, Francesco"]
[Result "0-1"]
[WhiteElo "1560"]
[BlackElo "1779"]
[PlyCount "67"]
[EventDate "2010.10.09"]

1. c4 d6 2. d4 e6 3. Nc3 Nd7 4. Nf3 h6 5. g3 b6 6. Bg2 Bb7 7. O-O Ne7 8. e4 g5
9. Re1 Ng6 10. d5 e5 11. Be3 a6 12. h3 Bc8 13. Qd2 Nf6 14. Nh2 Bd7 15. f3 Qc8
16. g4 Nf4 17. Bxf4 gxf4 18. b4 Rg8 19. a4 h5 20. Qe2 hxg4 21. hxg4 Nxg4 22.
fxg4 Bxg4 23. Nxg4 Rxg4 24. Qf3 Rg3 25. Qf2 Rxc3 26. Rac1 Rg3 27. Kf1 Qg4 28.
Re2 f3 29. Bxf3 Rxf3 30. Rcc2 Rxf2+ 31. Rxf2 Qxe4 32. c5 dxc5 33. bxc5 Bxc5 34.
Rg2 0-1

[Event "X Festival Citta' di Varese"]
[Site "Varese ITA"]
[Date "2010.10.09"]
[Round "1"]
[White "Lancianese, Giuseppe"]
[Black "Lipari, Alberto"]
[Result "1/2-1/2"]
[WhiteElo "1784"]
[BlackElo "1570"]
[PlyCount "59"]
[EventDate "2010.10.09"]

1. e4 c5 2. Nf3 Nc6 3. d4 cxd4 4. Nxd4 Nxd4 5. Qxd4 e6 6. Be2 Qc7 7. Nc3 Nf6 8.
Be3 b6 9. O-O Bc5 10. Qd3 Bb7 11. f3 Ba6 12. Qd2 Bxe2 13. Qxe2 O-O 14. Rad1
Rad8 15. Rd2 d5 16. exd5 exd5 17. Bd4 Qf4 18. Qd3 Rfe8 19. Rfd1 Re3 20. Bxe3
Bxe3+ 21. Kh1 Bxd2 22. Qxd2 Qxd2 23. Rxd2 Re8 24. Kg1 Kf8 25. Kf2 Re5 26. Nb5
a5 27. Nd4 Ke8 28. a4 Kd7 29. Rd3 Ne8 30. Rb3 1/2-1/2

[Event "X Festival Citta' di Varese"]
[Site "Varese ITA"]
[Date "2010.10.09"]
[Round "1"]
[White "Madaschi, Sergio"]
[Black "Pepa, Syrja"]
[Result "1-0"]
[WhiteElo "1587"]
[BlackElo "1810"]
[PlyCount "52"]
[EventDate "2010.10.09"]

1. e4 e5 2. Nf3 Nc6 3. Bb5 Nf6 4. O-O d6 5. Re1 Be7 6. c3 O-O 7. h3 a6 8. Ba4
b5 9. Bb3 Na5 10. Bc2 c5 11. d4 Qc7 12. Nbd2 Bb7 13. d5 Rac8 14. Nf1 Rb8 15.
Bg5 Ne8 16. Bxe7 Qxe7 17. Ne3 Bc8 18. Rb1 g6 19. Qd2 Ng7 20. b4 Nb7 21. a4 c4
22. axb5 axb5 23. Ra1 Nh5 24. Nf1 Nf4 25. Kh2 Qf6 26. Qe3 Qg7 1-0

[Event "X Festival Citta' di Varese"]
[Site "Varese ITA"]
[Date "2010.10.09"]
[Round "1"]
[White "Mazzarone, Maurizio"]
[Black "Lanza, Francesco Paolo"]
[Result "1-0"]
[WhiteElo "1912"]
[BlackElo "1693"]
[PlyCount "79"]
[EventDate "2010.10.09"]

1. d4 e6 2. Nf3 b6 3. Bf4 Bb7 4. Nbd2 Nf6 5. e3 Nh5 6. Bg5 Be7 7. Bxe7 Qxe7 8.
Bd3 Nf6 9. O-O O-O 10. Re1 d6 11. e4 h6 12. e5 Nh7 13. Ne4 Nd7 14. c3 f5 15.
exf6 Nhxf6 16. Qb3 Kh8 17. Nh4 Qf7 18. Nxf6 Qxf6 19. Ng6+ Kg8 20. Nxf8 Nxf8 21.
a4 Kh8 22. a5 Qg5 23. Be4 d5 24. Bd3 Ng6 25. Bxg6 Qxg6 26. Qb5 c6 27. Qe2 Re8
28. Qe5 b5 29. Qc7 Bc8 30. Qxc6 Rf8 31. Qxb5 e5 32. Qxd5 Qf5 33. Re2 Qg6 34.
Qxe5 Bb7 35. Qg3 Qf5 36. Rae1 Kh7 37. Re7 Rf7 38. Rxf7 Qxf7 39. Qe5 Qg6 40. d5
1-0

[Event "X Festival Citta' di Varese"]
[Site "Varese ITA"]
[Date "2010.10.09"]
[Round "1"]
[White "Novi', Giuseppe"]
[Black "Centofante, Maria Rosa"]
[Result "1-0"]
[WhiteElo "1826"]
[BlackElo "1619"]
[PlyCount "113"]
[EventDate "2010.10.09"]

1. e4 d5 2. exd5 Qxd5 3. c4 Qa5 4. Nc3 c6 5. d4 Nf6 6. Bd3 Bg4 7. Nge2 e6 8.
O-O Be7 9. Qc2 Nbd7 10. Bf4 O-O 11. h3 Bh5 12. a3 Bxe2 13. Nxe2 h6 14. Bd2 Qc7
15. Bc3 Bd6 16. Rac1 Rac8 17. Rfe1 Rfe8 18. c5 Bf4 19. Bd2 Bxd2 20. Qxd2 Nd5
21. Nc3 N7f6 22. Re5 Qd7 23. Be4 a6 24. Nxd5 Nxd5 25. Bxd5 exd5 26. Rce1 Re6
27. Rxe6 fxe6 28. Re5 Rf8 29. Qe3 Rf6 30. b4 Qf7 31. f3 Qg6 32. Kh2 Qf7 33. Qe2
Qc7 34. Kh1 Qf7 35. a4 Qd7 36. Kg1 Rg6 37. Kf2 Rf6 38. Rh5 Qf7 39. Re5 Qd7 40.
Re3 Kf7 41. Rb3 Qc7 42. g3 Rg6 43. f4 Rf6 44. b5 a5 45. bxc6 Qxc6 46. Qb5 g5
47. Qxb7+ Qxb7 48. Rxb7+ Ke8 49. Kf3 gxf4 50. gxf4 Rf5 51. Ra7 Rh5 52. Kg4 Rf5
53. Rxa5 h5+ 54. Kf3 Kd7 55. Ra6 Rf6 56. Rd6+ Kc7 57. a5 1-0

[Event "X Festival Citta' di Varese"]
[Site "Varese ITA"]
[Date "2010.10.09"]
[Round "1"]
[White "Picchi, Arnaldo"]
[Black "Corti, Filippo"]
[Result "1-0"]
[WhiteElo "1428"]
[BlackElo "1706"]
[PlyCount "81"]
[EventDate "2010.10.09"]

1. d4 Nf6 2. Nf3 g6 3. e3 Bg7 4. Bd3 d5 5. Nbd2 O-O 6. c3 Nbd7 7. Qe2 Re8 8.
O-O e5 9. Nxe5 Nxe5 10. dxe5 Rxe5 11. Nf3 Re8 12. Qc2 Bg4 13. Nd2 c5 14. f3 Bd7
15. e4 Bc6 16. exd5 Nxd5 17. Ne4 b6 18. Bc4 Qc7 19. Bxd5 Bxd5 20. Bd2 Qc6 21.
Rfe1 Rad8 22. Rad1 Rd7 23. Nf6+ Bxf6 24. Rxe8+ Kg7 25. Ree1 Be6 26. Qc1 c4 27.
Bh6+ Kg8 28. Rxd7 Qxd7 29. Be3 Bf5 30. Bf4 Bd3 31. Qe3 Qf5 32. Bh6 Qe6 33. Qxe6
fxe6 34. Bf4 Be7 35. Rxe6 Bc5+ 36. Kh1 Kf7 37. Rc6 a5 38. Bc7 Bc2 39. Bxb6 Be7
40. Rxc4 Bd3 41. Rf4+ 1-0

[Event "X Festival Citta' di Varese"]
[Site "Varese ITA"]
[Date "2010.10.09"]
[Round "1"]
[White "Poletto, Daniele"]
[Black "Picchi, Luciano Enrico"]
[Result "1-0"]
[WhiteElo "1752"]
[BlackElo "1497"]
[PlyCount "70"]
[EventDate "2010.10.09"]

1. c4 f5 2. Nc3 Nf6 3. g3 e6 4. Bg2 Be7 5. d3 O-O 6. Nf3 d6 7. O-O c6 8. e4 e5
9. exf5 Bxf5 10. h3 Qc8 11. Kh2 Nbd7 12. d4 Qc7 13. d5 Nc5 14. b4 Nce4 15. Nxe4
Nxe4 16. Nh4 Bxh4 17. gxh4 Kh8 18. h5 h6 19. Bb2 Rad8 20. f4 cxd5 21. Qxd5 Qc6
22. Qxc6 bxc6 23. Rfe1 Nd2 24. fxe5 Nxc4 25. Bd4 dxe5 26. Bxa7 Rf7 27. Bc5 Rf6
28. Be7 Rfd6 29. Bxd6 Rxd6 30. Rad1 Re6 31. Rd8+ Kh7 32. Rc1 Na3 33. Rxc6 Re7
34. Ra6 Nc2 35. Raa8 Be6 1-0

[Event "X Festival Citta' di Varese"]
[Site "Varese ITA"]
[Date "2010.10.10"]
[Round "2"]
[White "Cardani, Roberto"]
[Black "Poletto, Daniele"]
[Result "1-0"]
[WhiteElo "1961"]
[BlackElo "1752"]
[PlyCount "53"]
[EventDate "2010.10.09"]

1. e4 c5 2. Nf3 e6 3. d4 cxd4 4. Nxd4 a6 5. Bd3 Nc6 6. Nxc6 dxc6 7. Nd2 e5 8.
O-O Nf6 9. Nc4 Bc5 10. Nxe5 O-O 11. Kh1 Re8 12. f4 Nd7 13. Nxf7 Kxf7 14. Bc4+
Kf8 15. Qh5 Qf6 16. Qxh7 Qh6 17. Qg8+ Ke7 18. Qf7+ Kd8 19. f5 Be3 20. Bxe3 Qxe3
21. Qxg7 Qxe4 22. Be6 Qe5 23. Qg5+ Qf6 24. Qg3 Qe5 25. Qd3 Ke7 26. Rae1 Qxb2
27. Bxd7+ 1-0

[Event "X Festival Citta' di Varese"]
[Site "Varese ITA"]
[Date "2010.10.10"]
[Round "2"]
[White "Centofante, Maria Rosa"]
[Black "Carbone, Lorenzo"]
[Result "0-1"]
[WhiteElo "1619"]
[BlackElo "1695"]
[PlyCount "96"]
[EventDate "2010.10.09"]

1. d4 d5 2. Nf3 e6 3. c4 Nf6 4. Nc3 Be7 5. Bg5 O-O 6. e3 b6 7. cxd5 exd5 8. Bd3
Bb7 9. O-O h6 10. Bh4 Nbd7 11. Bxf6 Nxf6 12. a3 Ne4 13. Rc1 c5 14. dxc5 bxc5
15. Nd2 Nxc3 16. Rxc3 a5 17. Rb3 Rb8 18. Bb1 Bd6 19. Qc2 f5 20. f4 Qf6 21. Nf3
Ba6 22. Rf2 Bb5 23. Rc3 d4 24. Ba2+ Kh8 25. exd4 cxd4 26. Rd3 Bxd3 27. Qxd3
Bxf4 28. Nxd4 Qd6 29. g3 Be5 30. Rd2 Qxd4+ 31. Qxd4 Bxd4+ 32. Rxd4 Rxb2 33. Be6
Re2 34. Bc4 Re4 35. Rxe4 fxe4 36. a4 e3 37. Be2 Rf2 38. Bf1 Kg8 39. Bc4+ Kf8
40. Bf1 Ke7 41. Bb5 Kd6 42. Bf1 Kd5 43. Bb5 Kd4 44. h3 Kc3 45. g4 Kd2 46. Bc4
Rf4 47. Bb5 e2 48. Bxe2 Kxe2 0-1

[Event "X Festival Citta' di Varese"]
[Site "Varese ITA"]
[Date "2010.10.10"]
[Round "2"]
[White "Cervini, Gian Piero"]
[Black "Madaschi, Sergio"]
[Result "1/2-1/2"]
[WhiteElo "1752"]
[BlackElo "1587"]
[PlyCount "146"]
[EventDate "2010.10.09"]

1. e4 c5 2. c3 Nf6 3. e5 Nd5 4. Nf3 e6 5. d4 Nc6 6. Bc4 Nb6 7. Bb3 Be7 8. Be3
c4 9. Bc2 d5 10. Nbd2 Bd7 11. Nf1 Qc7 12. Bg5 h6 13. Bxe7 Nxe7 14. Ng3 g6 15.
h4 O-O-O 16. Nh2 Rdf8 17. Ng4 Ng8 18. h5 g5 19. Qf3 Qd8 20. Nf6 Nxf6 21. exf6
Re8 22. O-O-O a5 23. Nf1 Ba4 24. b3 cxb3 25. axb3 Bc6 26. Ne3 Qd6 27. Kd2 e5
28. Nf5 Qxf6 29. dxe5 Rxe5 30. Rhe1 Rhe8 31. Rxe5 Rxe5 32. Re1 Rxe1 33. Kxe1 d4
34. Qg4 Qe6+ 35. Kd2 dxc3+ 36. Kxc3 Qf6+ 37. Kd2 Bd7 38. Qd4 Qxd4+ 39. Nxd4 Nd5
40. Bf5 Nf6 41. Bxd7+ Kxd7 42. Nf5 Nxh5 43. Nxh6 Ke6 44. Ng4 f5 45. Ne3 b5 46.
g4 fxg4 47. Nxg4 Nf6 48. Ne3 Ke5 49. Nc2 Ne4+ 50. Ke3 Nc5 51. Nd4 Nxb3 52. Nxb3
a4 53. Nd4 a3 54. Nb3 Kd5 55. Kd3 g4 56. Nc1 b4 57. Kc2 Kc4 58. Nb3 Kd5 59. Nd2
Kd4 60. Nb3+ Kc4 61. Nd2+ Kd4 62. Nb3+ Kc4 63. Nc1 Kd4 64. Kb3 Ke4 65. Kxb4 Kf3
66. Nd3 a2 67. Ne5+ Kxf2 68. Nxg4+ Ke1 69. Ne3 Kd2 70. Nc4+ Kc1 71. Na5 Kb1 72.
Nb3 Kb2 73. Ka4 a1=Q+ 1/2-1/2

[Event "X Festival Citta' di Varese"]
[Site "Varese ITA"]
[Date "2010.10.10"]
[Round "2"]
[White "Cordiano, Franco"]
[Black "Novi', Giuseppe"]
[Result "0-1"]
[WhiteElo "1209"]
[BlackElo "1826"]
[PlyCount "91"]
[EventDate "2010.10.09"]

1. h3 Nf6 2. d4 e6 3. a3 c5 4. Nf3 a6 5. Bg5 cxd4 6. Qxd4 Be7 7. c3 Nc6 8. Qd2
O-O 9. h4 Qb6 10. h5 Ne4 11. Be3 Nxd2 12. Bxb6 Nc4 13. Be3 Nxb2 14. h6 g6 15.
Nbd2 Na4 16. Bd4 Nxd4 17. cxd4 b5 18. e3 Bb7 19. Ne5 d6 20. Nd3 Rfc8 21. Rc1
Nc3 22. Rc2 Ne4 23. Rxc8+ Rxc8 24. Nxe4 Bxe4 25. f3 Bxd3 26. Kd2 Bxf1 27. Rxf1
d5 28. f4 Bxa3 29. Kd3 Bf8 30. Rh1 a5 31. g4 a4 32. g5 b4 33. Rb1 a3 34. f5
gxf5 35. g6 fxg6 36. e4 dxe4+ 37. Ke3 Bxh6+ 38. Kf2 Bf8 39. Kg3 a2 40. Ra1 b3
41. Kf4 Bg7 42. Ke3 Rc3+ 43. Kd2 Bxd4 44. Ke2 Rc2+ 45. Kd1 Bxa1 46. Ke1 0-1

[Event "X Festival Citta' di Varese"]
[Site "Varese ITA"]
[Date "2010.10.10"]
[Round "2"]
[White "Corti, Filippo"]
[Black "Ambrosini, Andrea"]
[Result "0-1"]
[WhiteElo "1706"]
[BlackElo "1497"]
[PlyCount "72"]
[EventDate "2010.10.09"]

1. Nf3 Nc6 2. d4 d5 3. g3 Nf6 4. Bg2 g6 5. O-O Bg7 6. Nbd2 Bf5 7. c4 O-O 8.
cxd5 Qxd5 9. Nh4 Qd7 10. Nxf5 Qxf5 11. e4 Qd7 12. e5 Nd5 13. Ne4 b6 14. Nc3 e6
15. Nxd5 exd5 16. Be3 Ne7 17. Qb3 c6 18. Rac1 Rac8 19. Rc3 Rc7 20. Rfc1 Rfc8
21. Qc2 Qf5 22. Qxf5 Nxf5 23. Bh3 h5 24. Bxf5 gxf5 25. Bf4 c5 26. e6 Bxd4 27.
exf7+ Kxf7 28. R3c2 Re7 29. Kf1 Re6 30. Rd1 Rh8 31. h4 Rhe8 32. b4 Re4 33. f3
R4e6 34. bxc5 bxc5 35. Rb1 Rb6 36. Rd2 Rxb1+ 0-1

[Event "X Festival Citta' di Varese"]
[Site "Varese ITA"]
[Date "2010.10.10"]
[Round "2"]
[White "D'Aulisa, Francesco"]
[Black "Falchi, Claudio"]
[Result "1-0"]
[WhiteElo "1779"]
[BlackElo "1666"]
[PlyCount "85"]
[EventDate "2010.10.09"]

1. e4 e6 2. f4 d5 3. exd5 exd5 4. d4 Nf6 5. Nf3 Ne4 6. Bd3 Bf5 7. O-O Bd6 8.
Nc3 Nxc3 9. bxc3 Bxd3 10. Qxd3 Qd7 11. Re1+ Kf8 12. Ne5 Qe6 13. Qb5 b6 14. Ng6+
hxg6 15. Rxe6 fxe6 16. Bd2 a6 17. Qe2 Kf7 18. c4 c6 19. Rb1 Nd7 20. a4 a5 21.
Be3 Rab8 22. cxd5 exd5 23. c4 Nf6 24. g3 Ne4 25. Qc2 Rhc8 26. c5 bxc5 27. Rxb8
Rxb8 28. dxc5 Be7 29. Kg2 Bf6 30. Kf3 Rb2 31. Qd3 Be7 32. Qa6 Rb3 33. Qxc6 Nd2+
34. Ke2 Nc4 35. Qxd5+ Kf6 36. Qxc4 Rb4 37. Qa6+ Kf7 38. Qxa5 Re4 39. Kf3 Re6
40. Qc7 Kf8 41. c6 Rf6 42. Qb7 Rd6 43. c7 1-0

[Event "X Festival Citta' di Varese"]
[Site "Varese ITA"]
[Date "2010.10.10"]
[Round "2"]
[White "Guzzetti, Luigi Enrico"]
[Black "Lancianese, Giuseppe"]
[Result "1-0"]
[WhiteElo "1878"]
[BlackElo "1784"]
[PlyCount "25"]
[EventDate "2010.10.09"]

1. e4 d5 2. exd5 Nf6 3. Nf3 Nxd5 4. d4 Bf5 5. Bd3 Bg6 6. O-O e6 7. a3 Bd6 8. c4
Nf4 9. Bxf4 Bxf4 10. Bxg6 hxg6 11. g3 Bg5 12. Qb3 b6 13. Qb5+ 1-0

[Event "X Festival Citta' di Varese"]
[Site "Varese ITA"]
[Date "2010.10.10"]
[Round "2"]
[White "Lanza, Francesco Paolo"]
[Black "Della Rocca, Luigi"]
[Result "0-1"]
[WhiteElo "1693"]
[BlackElo "1767"]
[PlyCount "136"]
[EventDate "2010.10.09"]

1. e4 c5 2. Nf3 Nc6 3. c3 d5 4. exd5 Qxd5 5. Be2 e5 6. d3 Bf5 7. Qb3 O-O-O 8.
O-O Qxb3 9. axb3 Bxd3 10. Bxd3 Rxd3 11. Nbd2 f6 12. Nc4 Nge7 13. Be3 Nf5 14.
Rfd1 Rxd1+ 15. Rxd1 b5 16. Na3 Nxe3 17. fxe3 a6 18. Kf2 Be7 19. Nc2 Rd8 20.
Rxd8+ Kxd8 21. Nd2 Kd7 22. Kf3 f5 23. g4 g6 24. h3 Ke6 25. gxf5+ gxf5 26. e4 f4
27. Ne1 Kf6 28. Kg4 Kg6 29. Nd3 h5+ 30. Kf3 Kf6 31. Ke2 Ke6 32. Nf3 Na5 33.
Ndxe5 Nxb3 34. Ng6 Bd6 35. e5 Bb8 36. Nxf4+ Kf5 37. Nxh5 Bxe5 38. Nxe5 Kxe5 39.
Ng3 a5 40. Kd3 a4 41. h4 c4+ 42. Ke3 Nc5 43. h5 Nd3 44. h6 Kf6 45. Ne4+ Kg6 46.
Kd2 Nxb2 47. Nd6 a3 48. Kc2 Na4 49. Kb1 Nxc3+ 50. Kc2 a2 51. Kb2 Kxh6 52. Nb7
Kg5 53. Na5 Kf4 54. Nc6 Ke4 55. Nb4 Kd4 56. Nc2+ Kd3 57. Nb4+ Kd2 58. Nc6 Nd1+
59. Kxa2 c3 60. Nd4 Kd3 61. Nb3 b4 62. Nc1+ Kc4 63. Nb3 Nf2 64. Na5+ Kd3 65.
Nb3 Ne4 66. Nc1+ Kc4 67. Nb3 Nd2 68. Nc1 b3+ 0-1

[Event "X Festival Citta' di Varese"]
[Site "Varese ITA"]
[Date "2010.10.10"]
[Round "2"]
[White "Lipari, Alberto"]
[Black "Picchi, Arnaldo"]
[Result "1/2-1/2"]
[WhiteElo "1570"]
[BlackElo "1428"]
[PlyCount "36"]
[EventDate "2010.10.09"]

1. c4 e6 2. d4 b6 3. Nc3 Bb7 4. Bf4 d6 5. Nf3 h6 6. e3 Nd7 7. b4 Ne7 8. Be2 g5
9. Bg3 Bg7 10. h3 a6 11. O-O Nf5 12. Bh2 Nf6 13. Qd3 g4 14. hxg4 Nxg4 15. Bf4
Bxf3 16. Bxf3 Qh4 17. Bxg4 Qxg4 18. Ne2 h5 1/2-1/2

[Event "X Festival Citta' di Varese"]
[Site "Varese ITA"]
[Date "2010.10.10"]
[Round "2"]
[White "Mondini, Francesco"]
[Black "Mazzarone, Maurizio"]
[Result "0-1"]
[WhiteElo "1517"]
[BlackElo "1912"]
[PlyCount "64"]
[EventDate "2010.10.09"]

1. Nf3 Nf6 2. d4 g6 3. c4 c5 4. g3 Bg7 5. dxc5 Qa5+ 6. Nc3 Qxc5 7. e3 O-O 8.
Qd4 d6 9. Qxc5 dxc5 10. Bg2 Nc6 11. O-O Rd8 12. e4 Be6 13. Nd5 Nxe4 14. Nc7
Bxc4 15. Re1 Rac8 16. Bf4 Nf6 17. b3 Bd5 18. Nxd5 Nxd5 19. Ne5 Nxf4 20. gxf4
Nxe5 21. fxe5 b6 22. Rab1 Rd2 23. a4 Rcd8 24. Re3 Ra2 25. Rbe1 Rdd2 26. Rf3 Re2
27. Rxe2 Rxe2 28. Rd3 Bxe5 29. Kf1 Rb2 30. h3 Bd4 31. Rf3 e5 32. Kg1 f5 0-1

[Event "X Festival Citta' di Varese"]
[Site "Varese ITA"]
[Date "2010.10.10"]
[Round "2"]
[White "Pepa, Syrja"]
[Black "Fantina, Carla"]
[Result "1-0"]
[WhiteElo "1810"]
[BlackElo "1560"]
[PlyCount "105"]
[EventDate "2010.10.09"]

1. d4 Nf6 2. c4 d6 3. Nc3 g6 4. Nf3 Bg7 5. e3 O-O 6. Bd3 c6 7. O-O a6 8. h3
Nbd7 9. Qc2 e5 10. d5 Nc5 11. e4 Nxd3 12. Qxd3 c5 13. a3 h6 14. b4 b6 15. Be3
Nh5 16. Ne2 f5 17. Bd2 fxe4 18. Qxe4 Bf5 19. Qe3 Bd7 20. Nh2 Nf4 21. Ng3 Qg5
22. Rab1 Bf5 23. Nf3 Qf6 24. Nxf5 Qxf5 25. bxc5 bxc5 26. Rb6 Qf6 27. Rfb1 Rfe8
28. Qe4 g5 29. Be3 Qf8 30. Kh2 Reb8 31. g3 Rxb6 32. Rxb6 Ne2 33. Kg2 Nc3 34.
Qg6 e4 35. Nh2 a5 36. Rxd6 Kh8 37. Bxc5 Qg8 38. Ng4 Qe8 39. Nxh6 Qxg6 40. Rxg6
Kh7 41. Rxg7+ Kxg7 42. Nf5+ Kg6 43. g4 Rc8 44. Ne7+ Kf6 45. Nxc8 Ne2 46. Bd6
Kf7 47. c5 Nd4 48. c6 Ke8 49. Nb6 Nb5 50. Be5 Na7 51. a4 Kd8 52. h4 gxh4 53. g5
1-0

[Event "X Festival Citta' di Varese"]
[Site "Varese ITA"]
[Date "2010.10.10"]
[Round "3"]
[White "Ambrosini, Andrea"]
[Black "Pepa, Syrja"]
[Result "1/2-1/2"]
[WhiteElo "1497"]
[BlackElo "1810"]
[PlyCount "139"]
[EventDate "2010.10.09"]

1. e4 c5 2. Nf3 d6 3. d4 cxd4 4. Nxd4 Nf6 5. Nc3 a6 6. Be3 e6 7. Bd3 Be7 8. h3
Nc6 9. a3 O-O 10. Qe2 Ne5 11. Nf3 Nxd3+ 12. cxd3 e5 13. O-O Bd7 14. Nh2 Bc6 15.
f4 exf4 16. Rxf4 Nd7 17. Ng4 Ne5 18. Nxe5 dxe5 19. Rf5 Qd6 20. Rd1 Bf6 21. Qf2
Qe6 22. Bh6 Be7 23. Bg5 f6 24. Be3 Rfd8 25. Bc5 Bxc5 26. Qxc5 Rac8 27. Qf2 Rd6
28. d4 exd4 29. Rxd4 Rcd8 30. Rxd6 Rxd6 31. e5 Rd2 32. Qxd2 Qxf5 33. Qd8+ Kf7
34. exf6 Qxf6 35. Qxf6+ Kxf6 36. Kf2 Ke5 37. g3 Kd4 38. Ke2 Bg2 39. h4 Bh3 40.
Kd2 Kc4 41. Na4 Bg2 42. Nb6+ Kd4 43. Ke2 Bc6 44. Nc8 Bb5+ 45. Kd2 Kc4 46. Nd6+
Kb3 47. Kc1 Bc6 48. Nf5 g6 49. Nd6 h5 50. Nf7 Bd5 51. Ne5 Be4 52. Nf7 b5 53.
Nd6 Bd5 54. Ne8 Kc4 55. Nc7 Bb7 56. Kd2 a5 57. Ne6 Be4 58. Nc7 Bf5 59. Ne8 b4
60. axb4 Kxb4 61. Nd6 Be6 62. Ne8 a4 63. Nd6 Bd5 64. Nc8 Be6 65. Na7 Kc4 66.
Nc6 Bd5 67. Ne5+ Kb3 68. Kc1 Be4 69. Nd7 Bf5 70. Ne5 1/2-1/2

[Event "X Festival Citta' di Varese"]
[Site "Varese ITA"]
[Date "2010.10.10"]
[Round "3"]
[White "Carbone, Lorenzo"]
[Black "Cordiano, Franco"]
[Result "1-0"]
[WhiteElo "1695"]
[BlackElo "1209"]
[PlyCount "67"]
[EventDate "2010.10.09"]

1. e4 e5 2. Nf3 Nc6 3. Bb5 a6 4. Ba4 h6 5. c3 Nf6 6. O-O b5 7. Bb3 Nh5 8. Nxe5
Nxe5 9. Qxh5 Qe7 10. d4 Nc4 11. Nd2 g6 12. Qf3 Nxd2 13. Bxd2 Bb7 14. d5 d6 15.
Be3 Bg7 16. Bd4 Bxd4 17. cxd4 O-O-O 18. Rac1 Rhe8 19. Qh3+ Rd7 20. f3 h5 21.
Rc3 Kb8 22. Rfc1 a5 23. a4 b4 24. R3c2 Ba6 25. Qg3 Bd3 26. Rc6 f6 27. Rd1 Be2
28. Rd2 Bf1 29. Kxf1 g5 30. Qf2 h4 31. Qe2 Ka8 32. Ra6+ Kb8 33. Qb5+ Kc8 34.
Ra8# 1-0

[Event "X Festival Citta' di Varese"]
[Site "Varese ITA"]
[Date "2010.10.10"]
[Round "3"]
[White "Della Rocca, Luigi"]
[Black "Lipari, Alberto"]
[Result "1-0"]
[WhiteElo "1767"]
[BlackElo "1570"]
[PlyCount "90"]
[EventDate "2010.10.09"]

1. e4 c5 2. Nc3 Nc6 3. g3 Nf6 4. Bg2 e5 5. Nge2 Nd4 6. O-O d6 7. f4 Bg4 8. d3
b5 9. h3 Bd7 10. fxe5 dxe5 11. Bg5 Be7 12. Bxf6 Bxf6 13. Nxd4 cxd4 14. Nd5 Be7
15. Qh5 O-O 16. Qxe5 Re8 17. Nxe7+ Rxe7 18. Qxd4 Rc8 19. c3 Qc7 20. Qe3 Re6 21.
Qf4 Qc5+ 22. d4 Qh5 23. g4 Qg6 24. Qf5 Qxf5 25. gxf5 Rh6 26. Rf2 g5 27. fxg6
hxg6 28. Raf1 Rf8 29. Kh2 g5 30. Rf6 Rh4 31. e5 g4 32. Kg3 Rh5 33. hxg4 Rg5 34.
Bf3 Rc8 35. Rh1 Rc4 36. Kf4 Rg7 37. g5 b4 38. g6 Be6 39. gxf7+ Bxf7 40. e6 Be8
41. Bd5 Rc8 42. e7+ Bf7 43. Bxf7+ Rxf7 44. Rh8+ Kxh8 45. Rxf7 Kg8 1-0

[Event "X Festival Citta' di Varese"]
[Site "Varese ITA"]
[Date "2010.10.10"]
[Round "3"]
[White "Lancianese, Giuseppe"]
[Black "Corti, Filippo"]
[Result "1/2-1/2"]
[WhiteElo "1784"]
[BlackElo "1706"]
[PlyCount "24"]
[EventDate "2010.10.09"]

1. d4 d5 2. c4 e6 3. Nc3 Nf6 4. Nf3 dxc4 5. e3 c5 6. Bxc4 cxd4 7. exd4 Nc6 8.
O-O Bd6 9. d5 exd5 10. Nxd5 O-O 11. Bg5 Ne5 12. Nxe5 Bxe5 1/2-1/2